[Event "GRE-chT 45th"]
[Site "Achaia"]
[Date "2017.07.06"]
[Round "5.5"]
[White "Papadopoulos, Georgios1111"]
[Black "Komninos, Nikolaos"]
[Result "0-1"]
[WhiteElo "2240"]
[BlackElo "2188"]
[PlyCount "70"]
[EventDate "2017.07.03"]
[EventType "team-swiss"]
[EventRounds "7"]
[EventCountry "GRE"]
[SourceTitle "CBM 179 Extra"]
[Source "ChessBase"]
[SourceDate "2017.08.23"]
[SourceVersion "1"]
[SourceVersionDate "2017.08.23"]
[SourceQuality "1"]
[WhiteTeam "Pine AO"]
[BlackTeam "Irakleiou Attikis"]
[WhiteTeamCountry "GRE"]
[BlackTeamCountry "GRE"]

1. d4 c5 2. c3 cxd4 3. cxd4 d5 4. Nc3 Nc6 5. Bf4 e5 6. Bxe5 Nxe5 7. dxe5 d4 8. Qa4+ b5 9. Nxb5 Bd7 10. Qa6 Bb4+ 11. Kd1 Rb8 12. Nd6+ Bxd6 13. exd6 Rxb2 14. Qxa7 Nf6 15. Nf3 0-0 16. Nd2 Qc8 17. Qxd4 Qc2+ 18. Ke1 Rxa2 19. f3 Rxa1+ 20. Qxa1 Nd5 21. Qd4 Nc3 22. Kf2 Re8 23. g4 Nb5 24. Qb4 Nc3 25. Qf4 Re6 26. Qd4 h6 27. Qd3 Nd1+ 28. Kg3 Qc5 29. Ne4 Rxe4 30. Qxe4 Qf2+ 31. Kf4 g5+ 32. Ke5 Qc5+ 33. Qd5 Qc3+ 34. Qd4 f6+ 35. Ke4 Bc6+ 0-1

[Event "GRE-chT 35th"]
[Site "Ermioni Argolidas"]
[Date "2006.07.08"]
[Round "7"]
[White "Komninos, Nikolaos"]
[Black "Zakarian, David"]
[Result "0-1"]
[WhiteElo "2149"]
[BlackElo "2327"]
[PlyCount "46"]
[EventDate "2006.07.03"]
[EventType "team"]
[EventRounds "9"]
[EventCountry "GRE"]
[SourceTitle "CBM 113 Extra"]
[Source "ChessBase"]
[SourceDate "2006.09.14"]
[SourceVersion "1"]
[SourceVersionDate "2006.09.14"]
[SourceQuality "1"]

1. e4 Nc6 2. Nf3 d6 3. d4 Nf6 4. Nc3 Bg4 5. Bb5 Nd7 6. Ne2 e5 7. c3 g6 8. Bg5 Be7 9. Bh6 Bxf3 10. gxf3 Bg5 11. Bxg5 Qxg5 12. f4 exf4 13. Qa4 0-0 14. Bxc6 bxc6 15. Qxc6 Nf6 16. h4 Qg2 17. Rg1 Qf3 18. h5 Rae8 19. hxg6 hxg6 20. Qc4 d5 21. Qxc7 Rxe4 22. 0-0-0 Rxe2 23. Qd6 Qxf2 0-1

[Event "GRE-chT 35th"]
[Site "Ermioni Argolidas"]
[Date "2006.07.03"]
[Round "1"]
[White "Souleidis, Georgios"]
[Black "Komninos, Nikolaos"]
[Result "1-0"]
[WhiteElo "2412"]
[BlackElo "2149"]
[PlyCount "47"]
[EventDate "2006.07.03"]
[EventType "team"]
[EventRounds "9"]
[EventCountry "GRE"]
[SourceTitle "CBM 113 Extra"]
[Source "ChessBase"]
[SourceDate "2006.09.14"]
[SourceVersion "1"]
[SourceVersionDate "2006.09.14"]
[SourceQuality "1"]

1. e4 c5 2. Nf3 e6 3. d4 cxd4 4. Nxd4 Nc6 5. Nc3 Qc7 6. g3 a6 7. Bg2 Be7 8. 0-0 d6 9. Re1 Bd7 10. Nxc6 Bxc6 11. Qg4 h5 12. Qe2 0-0-0 13. a4 Bf6 14. Ra3 h4 15. b4 hxg3 16. hxg3 Kb8 17. b5 Bxb5 18. Nxb5 axb5 19. axb5 Bd4 20. Ra4 Qb6 21. Bd2 Rc8 22. Ba5 Qc5 23. c3 Be5 24. Bb4 1-0

[Event "GRE-chT 35th"]
[Site "Ermioni Argolidas"]
[Date "2006.07.??"]
[Round "8"]
[White "Ilandzis, Spyridon"]
[Black "Komninos, Nikolaos"]
[Result "1-0"]
[WhiteElo "2174"]
[BlackElo "2149"]
[PlyCount "119"]
[EventDate "2006.07.03"]
[EventType "team"]
[EventRounds "9"]
[EventCountry "GRE"]
[SourceTitle "CBM 113 Extra"]
[Source "ChessBase"]
[SourceDate "2006.09.14"]
[SourceVersion "1"]
[SourceVersionDate "2006.09.14"]
[SourceQuality "1"]

1. d4 Nf6 2. c4 e6 3. Nf3 d5 4. e3 Bd6 5. Nbd2 c6 6. Bd3 Nbd7 7. 0-0 0-0 8. Qc2 h6 9. h3 Re8 10. e4 e5 11. cxd5 cxd5 12. exd5 Nxd5 13. Qb3 N5b6 14. Ne4 Bb8 15. a4 Nf6 16. dxe5 Bxe5 17. Nxe5 Rxe5 18. Nxf6+ Qxf6 19. Be3 Re8 20. a5 Nd7 21. Ra4 Qe6 22. Bc4 Qe7 23. Bd4 Nb8 24. Qc3 Bd7 25. Ra3 Bc6 26. Qg3 Qg5 27. Qxg5 hxg5 28. Rg3 Re4 29. Rg4 Rxg4 30. hxg4 Nd7 31. Re1 Nf6 32. Re7 Nd5 33. Re5 Rd8 34. Rxg5 g6 35. Bxa7 Kg7 36. Re5 f6 37. Re1 Rd7 38. Rd1 Kh7 39. Bc5 Kg7 40. b4 Nc3 41. Rxd7+ Bxd7 42. Bd4 Nb5 43. Bxb5 Bxb5 44. g5 Kf7 45. gxf6 Ke6 46. f3 Be8 47. Kf2 Kd5 48. Ke3 Kc4 49. Bc5 Kd5 50. Kf4 Ke6 51. Kg5 Kf7 52. Bd4 Bc6 53. Kf4 Ke6 54. Ke3 Be8 55. Bc3 Kd5 56. b5 Kc5 57. a6 bxa6 58. bxa6 Kb6 59. Kd4 Kxa6 60. Ke5 1-0

[Event "GRE-chT 34th"]
[Site "Ermioni Argolidas"]
[Date "2005.07.06"]
[Round "3"]
[White "Petrov, Marian"]
[Black "Komninos, Nikolaos"]
[Result "1/2-1/2"]
[WhiteElo "2406"]
[BlackElo "2157"]
[PlyCount "100"]
[EventDate "2005.07.04"]
[EventType "team"]
[EventRounds "9"]
[EventCountry "GRE"]
[SourceTitle "CBM 107 Extra"]
[Source "ChessBase"]
[SourceDate "2005.09.01"]
[SourceVersion "1"]
[SourceVersionDate "2005.09.01"]
[SourceQuality "1"]

1. e4 c5 2. Nf3 Nc6 3. Nc3 e6 4. d4 cxd4 5. Nxd4 Qc7 6. f4 a6 7. Nf3 b5 8. Bd3 Bb7 9. 0-0 Bc5+ 10. Kh1 b4 11. Na4 Ba7 12. Qe2 Nf6 13. Be3 Bxe3 14. Qxe3 0-0 15. Nc5 Bc8 16. e5 Nd5 17. Bxh7+ Kh8 18. Qe1 g6 19. Ng5 Kg7 20. Qh4 Rh8 21. Nce4 Nce7 22. Nd6 Qxd6 23. exd6 Nf5 24. Qf2 f6 25. Ne4 Bb7 26. Rfe1 Rxh7 27. Nc5 Rah8 28. h3 Bc6 29. Kg1 Nh4 30. Ne4 Nf5 31. c4 bxc3 32. Nxc3 Nxc3 33. bxc3 Nh4 34. Qa7 Nf3+ 35. gxf3 Rxh3 36. Rf1 Rg3+ 37. Kf2 Rxf3+ 38. Ke2 Rh2+ 39. Rf2 Rhxf2+ 40. Qxf2 Rxf2+ 41. Kxf2 e5 42. fxe5 fxe5 43. Rb1 Kf6 44. Ke3 Ke6 45. Rg1 Kf6 46. c4 g5 47. c5 Kf5 48. Rf1+ Ke6 49. Rg1 Kf5 50. Rf1+ Ke6 1/2-1/2

[Event "GRE-chT 34th"]
[Site "Ermioni Argolidas"]
[Date "2005.07.04"]
[Round "1"]
[White "Banikas, Hristos"]
[Black "Komninos, Nikolaos"]
[Result "1-0"]
[WhiteElo "2548"]
[BlackElo "2157"]
[PlyCount "75"]
[EventDate "2005.07.04"]
[EventType "team"]
[EventRounds "9"]
[EventCountry "GRE"]
[SourceTitle "CBM 107 Extra"]
[Source "ChessBase"]
[SourceDate "2005.09.01"]
[SourceVersion "1"]
[SourceVersionDate "2005.09.01"]
[SourceQuality "1"]

1. d4 Nf6 2. c4 g6 3. g3 Bg7 4. Bg2 0-0 5. Nc3 d6 6. Nf3 Nc6 7. 0-0 Bf5 8. Ne1 Rb8 9. e4 Bd7 10. Nc2 e5 11. d5 Na5 12. Qd3 c5 13. dxc6 bxc6 14. b3 d5 15. exd5 e4 16. Qd2 cxd5 17. Ba3 Re8 18. cxd5 Rc8 19. Ne3 Rxc3 20. Qxc3 Nxd5 21. Qxg7+ Kxg7 22. Nxd5 g5 23. Bb2+ Kg6 24. Nf6 Bc6 25. Rad1 Qe7 26. Nxe8 Bxe8 27. Rd5 Nc6 28. Re1 f5 29. g4 Bd7 30. Red1 Be6 31. gxf5+ Bxf5 32. Rd6+ Kh5 33. Rxc6 e3 34. Bf3+ g4 35. Be2 exf2+ 36. Kxf2 Qh4+ 37. Kg1 Qe7 38. Bc1 1-0

[Event "Athens Acropolis op"]
[Site "Athens"]
[Date "2005.03.12"]
[Round "7"]
[White "Gikas, Andreas Basilius"]
[Black "Komninos, Nikolaos"]
[Result "1-0"]
[WhiteElo "2228"]
[BlackElo "2163"]
[PlyCount "79"]
[EventDate "2005.03.06"]
[EventType "swiss"]
[EventRounds "9"]
[EventCountry "GRE"]
[SourceTitle "CBM 105 Extra"]
[Source "ChessBase"]
[SourceDate "2005.05.01"]
[SourceVersion "1"]
[SourceVersionDate "2005.05.01"]
[SourceQuality "1"]

1. e4 c5 2. Nf3 Nc6 3. d4 cxd4 4. Nxd4 Nf6 5. Nc3 e5 6. Ndb5 d6 7. Bg5 a6 8. Na3 b5 9. Nd5 Be7 10. Bxf6 Bxf6 11. Nb1 Rb8 12. Nd2 Bg5 13. Nb3 a5 14. a4 bxa4 15. Rxa4 0-0 16. Bc4 Kh8 17. 0-0 g6 18. Qa1 Bd7 19. Ra3 Nb4 20. Nxb4 Rxb4 21. Nxa5 Qc7 22. b3 f5 23. c3 Rbb8 24. Bd5 fxe4 25. Bxe4 Be6 26. c4 Qc5 27. Nc6 Rbc8 28. Ra5 Qb6 29. Rb5 Qc7 30. Nb4 Qg7 31. Rb7 Qh6 32. Nd5 Qh4 33. f4 Bxd5 34. Bxd5 Bxf4 35. g3 Be3+ 36. Kh1 Qh6 37. Rff7 Rxf7 38. Rxf7 Bc5 39. Qf1 Rb8 40. Qf6+ 1-0

[Event "Athens Acropolis op"]
[Site "Athens"]
[Date "2005.03.11"]
[Round "6"]
[White "Goritsas, Christos"]
[Black "Komninos, Nikolaos"]
[Result "1-0"]
[WhiteElo "2244"]
[BlackElo "2163"]
[PlyCount "67"]
[EventDate "2005.03.06"]
[EventType "swiss"]
[EventRounds "9"]
[EventCountry "GRE"]
[SourceTitle "CBM 105 Extra"]
[Source "ChessBase"]
[SourceDate "2005.05.01"]
[SourceVersion "1"]
[SourceVersionDate "2005.05.01"]
[SourceQuality "1"]

1. d4 Nf6 2. c4 g6 3. Nc3 Bg7 4. e4 d6 5. Nf3 0-0 6. Be2 e5 7. d5 Na6 8. Nd2 Qe8 9. a3 c6 10. b4 cxd5 11. cxd5 Bd7 12. Nc4 Qe7 13. Be3 Ne8 14. Na5 b6 15. Nc6 Bxc6 16. dxc6 Nac7 17. h4 d5 18. Nxd5 Nxd5 19. Qxd5 Nc7 20. Qd7 Bf6 21. Qxe7 Bxe7 22. 0-0-0 Rfd8 23. h5 Rxd1+ 24. Rxd1 Rd8 25. Rxd8+ Bxd8 26. f4 Ne6 27. fxe5 Bc7 28. hxg6 hxg6 29. Bc4 Nf8 30. Bd5 Bxe5 31. Bg5 Bc7 32. Be7 Ne6 33. Bxe6 fxe6 34. e5 1-0

[Event "Glyfada op 2nd"]
[Site "Glyfada"]
[Date "2000.??.??"]
[Round "7"]
[White "Komninos, Nikolaos"]
[Black "Korou, Laskarina"]
[Result "1-0"]
[WhiteElo "2209"]
[BlackElo "2020"]
[PlyCount "43"]
[EventDate "2000.08.??"]
[EventType "swiss"]
[EventRounds "9"]
[EventCountry "GRE"]
[SourceTitle "EXT 2001"]
[Source "ChessBase"]
[SourceDate "2000.11.22"]
[SourceVersion "1"]
[SourceVersionDate "2000.11.22"]
[SourceQuality "1"]

1. e4 d5 2. exd5 Qxd5 3. d4 Nf6 4. Nf3 Bf5 5. Be2 g6 6. 0-0 Bg7 7. Nbd2 c6 8. Bc4 Qd6 9. Re1 0-0 10. c3 Nd5 11. Bb3 h6 12. Nc4 Qc7 13. Nh4 Be6 14. Nxg6 Rd8 15. Rxe6 fxe6 16. Qg4 Nd7 17. Qxe6+ Kh7 18. Bc2 b5 19. Nge5+ Kh8 20. Nf7+ Kg8 21. Nxh6+ Kh8 22. Qg8+ 1-0